00679nam a2200229Ia 4500003000400000005001700004008004100021020001400062040000700076041000800083082001300091100002800104245003600132250000600168260004400174300001400218365001300232906003800245942001200283999001900295952013500314OSt20230505094444.0210423s2003 xx 000 0 und d a974480199 cAL aeng a574 ROBM aROBERTS (M B V).998443 aBiology: a functional approach. a4 aNew DelhibThomas Nelson and Sonsc2003 ax,693bPB b850cINR aapproach. ; Biology: ; functional 2ddccBK c163316d163316 001040708BTaSACPGbSACPGd2006-03-28eEducational Suppliesg850.00l0o574 ROBMpPG009811r2022-08-24 00:00:00w2021-04-26yBK